000 00349nam a2200145Ia 4500
008 230711s9999||||xx |||||||||||||| ||und||
041 _aENG
082 _a540
_bCH-A
100 _aManas, Chanda
245 0 _aAtomic structure and chamical
250 _a1st Ed.
260 _c1994
_aNew Delhi
_bPradeep publishers
650 _aChemistry
942 _cBK
999 _c2914
_d2914